<?xml version="1.0" encoding="UTF-8"?>
<record
    xmlns:xsi="http://www.w3.org/2001/XMLSchema-instance"
    xsi:schemaLocation="http://www.loc.gov/MARC21/slim http://www.loc.gov/standards/marcxml/schema/MARC21slim.xsd"
    xmlns="http://www.loc.gov/MARC21/slim">

  <leader>05191nam a2200577Ia 4500</leader>
  <controlfield tag="001">6903</controlfield>
  <controlfield tag="008">241029s9999    xx            000 0 und d</controlfield>
  <datafield tag="010" ind1=" " ind2=" ">
    <subfield code="a">6525</subfield>
  </datafield>
  <datafield tag="041" ind1=" " ind2=" ">
    <subfield code="a">Espa&#xF1;ol</subfield>
  </datafield>
  <datafield tag="082" ind1=" " ind2=" ">
    <subfield code="a">NO APLICA</subfield>
  </datafield>
  <datafield tag="245" ind1=" " ind2="0">
    <subfield code="a">Educaci&#xF3;n inclusiva y autismo: estrategias para adaptaciones curriculares de apoyo psicopedag&#xF3;gico a ni&#xF1;os con autismo. Colegio Caritas Felices, Distrito Educativo 01-03, Barahona. 2017-2018. </subfield>
  </datafield>
  <datafield tag="260" ind1=" " ind2=" ">
    <subfield code="a">Barahona</subfield>
  </datafield>
  <datafield tag="300" ind1=" " ind2=" ">
    <subfield code="a">127</subfield>
  </datafield>
  <datafield tag="520" ind1=" " ind2=" ">
    <subfield code="a">80</subfield>
  </datafield>
  <datafield tag="630" ind1=" " ind2=" ">
    <subfield code="a">Educaci&#xF3;n</subfield>
  </datafield>
  <datafield tag="630" ind1=" " ind2=" ">
    <subfield code="a">Educaci&#xF3;n Especial</subfield>
  </datafield>
  <datafield tag="630" ind1=" " ind2=" ">
    <subfield code="a">Estrategia de Aprendizaje</subfield>
  </datafield>
  <datafield tag="630" ind1=" " ind2=" ">
    <subfield code="a">Estrategia Docente</subfield>
  </datafield>
  <datafield tag="630" ind1=" " ind2=" ">
    <subfield code="a">Necesidades Educativas</subfield>
  </datafield>
  <datafield tag="650" ind1=" " ind2=" ">
    <subfield code="a">Necesidades Educativas Especiales</subfield>
  </datafield>
  <datafield tag="690" ind1=" " ind2=" ">
    <subfield code="a">Elaborado</subfield>
  </datafield>
  <datafield tag="700" ind1=" " ind2=" ">
    <subfield code="e">asesor</subfield>
    <subfield code="a"> &#xC3;&#x81;vila, Casilda</subfield>
  </datafield>
  <datafield tag="700" ind1=" " ind2=" ">
    <subfield code="e">autor</subfield>
    <subfield code="a"> Ram&#xED;rez Matos ,  German</subfield>
  </datafield>
  <datafield tag="700" ind1=" " ind2=" ">
    <subfield code="e">autor</subfield>
    <subfield code="a">Batista Fern&#xE1;ndez,  Mar&#xED;a Victoria</subfield>
  </datafield>
  <datafield tag="901" ind1=" " ind2=" ">
    <subfield code="a">{"1":" Ram&#xED;rez Matos ","2":"Batista Fern&#xE1;ndez"}</subfield>
    <subfield code="b">{"1":" German","2":" Mar&#xED;a Victoria"}</subfield>
  </datafield>
  <datafield tag="902" ind1=" " ind2=" ">
    <subfield code="a">1</subfield>
  </datafield>
  <datafield tag="903" ind1=" " ind2=" ">
    <subfield code="a">{"1":" &#xC3;&#x81;vila"}</subfield>
    <subfield code="b">{"1":"Casilda"}</subfield>
  </datafield>
  <datafield tag="904" ind1=" " ind2=" ">
    <subfield code="a">Maestr&#xED;a Profesionalizante en</subfield>
  </datafield>
  <datafield tag="905" ind1=" " ind2=" ">
    <subfield code="a">Orientaci&#xF3;n Educativa e Intervenci&#xF3;n Psicopedag&#xF3;gica</subfield>
  </datafield>
  <datafield tag="906" ind1=" " ind2=" ">
    <subfield code="a">2</subfield>
  </datafield>
  <datafield tag="907" ind1=" " ind2=" ">
    <subfield code="a">NO APLICA</subfield>
  </datafield>
  <datafield tag="908" ind1=" " ind2=" ">
    <subfield code="a">NO APLICA</subfield>
  </datafield>
  <datafield tag="909" ind1=" " ind2=" ">
    <subfield code="a">Centro Universitario Regional del Suroeste, CURSO (UASD)</subfield>
  </datafield>
  <datafield tag="910" ind1=" " ind2=" ">
    <subfield code="a">NULL</subfield>
    <subfield code="b">NULL</subfield>
  </datafield>
  <datafield tag="911" ind1=" " ind2=" ">
    <subfield code="a">["1"]</subfield>
  </datafield>
  <datafield tag="912" ind1=" " ind2=" ">
    <subfield code="a">NO APLICA</subfield>
  </datafield>
  <datafield tag="913" ind1=" " ind2=" ">
    <subfield code="a">NULL</subfield>
  </datafield>
  <datafield tag="914" ind1=" " ind2=" ">
    <subfield code="a">02 de Enero de 2019</subfield>
  </datafield>
  <datafield tag="915" ind1=" " ind2=" ">
    <subfield code="a">05/12/19 05:12</subfield>
  </datafield>
  <datafield tag="916" ind1=" " ind2=" ">
    <subfield code="a">NULL</subfield>
  </datafield>
  <datafield tag="917" ind1=" " ind2=" ">
    <subfield code="a">NULL</subfield>
  </datafield>
  <datafield tag="918" ind1=" " ind2=" ">
    <subfield code="a">Educaci&#xF3;n especial</subfield>
  </datafield>
  <datafield tag="919" ind1=" " ind2=" ">
    <subfield code="a">["72","76","93","94","145"]</subfield>
  </datafield>
  <datafield tag="520" ind1=" " ind2=" ">
    <subfield code="a">El prop&#xF3;sito general de esta investigaci&#xF3;n fue abordar la educaci&#xF3;n inclusiva y el autismo para el conocimiento de estrategias de ajustes curriculares en favor de ni&#xF1;os con TEA, del Colegio Caritas Felices, Barahona, 2017- 2018. Esta investigaci&#xF3;n se inscribe en el paradigma y del enfoque cualitativo,&#xA0; porque el proceso de conocimiento de la realidad fue&#xA0; llevado a cabo a trav&#xE9;s de un acercamiento a los hechos en el marco de la inclusi&#xF3;n de los ni&#xF1;os con TEA. Por medio de la entrevista no estructurada, la observaci&#xF3;n, di&#xE1;logos, reuniones con los diferentes actores, se pudo conocer la situaci&#xF3;n. Sus t&#xE9;cnicas fueron t&#xE9;cnica Triple diagn&#xF3;stico, observaci&#xF3;n directa a trav&#xE9;s de registro anecd&#xF3;tico, entrevista no estructurada, entrevista semi-estructurada, investigaci&#xF3;n bibliogr&#xE1;fica. La poblaci&#xF3;n en estudio estuvo conformada por las tres maestras del aula de apoyo pedag&#xF3;gico del colegio del Colegio Caritas Felices de Barahona.Con relaci&#xF3;n al conocimiento de la educaci&#xF3;n inclusiva, se concluye que las MAAP han desarrollado su conciencia sobre c&#xF3;mo han de darse los procesos inclusivos de todos los ni&#xF1;os en la escuela, por ser este un derecho y por sensibilidad humana; han conocido los lineamientos legales y te&#xF3;ricos conceptuales que avalan la exclusividad de los ni&#xF1;os con TEA y otras NEE, en los procesos de aprendizaje escolarizados. En lo concerniente al conocimiento el espectro autista, como una condici&#xF3;n especial del proceso de desarrollo en algunos ni&#xF1;os, concluimos que las tres maestras han profundizado en el conocimiento de las etapas del desarrollo infantil y las se&#xF1;ales que pueden alertar sobre la presencia de s&#xED;ntoma de TEA en algunos ni&#xF1;os. En este sentido, poseen algunos criterios generales para detectar rasgos de TEA en los ni&#xF1;os y ni&#xF1;as, diferenci&#xE1;ndolo de otros trastornos del desarrollo o de manifestaciones conductuales fruto de situaciones coyunturales de su contexto personal y social.La investigaci&#xF3;n recomend&#xF3; a la Regional de educaci&#xF3;n No. 01 de Barahona y al Distrito educativo 01-03, desarrollar un plan de capacitaci&#xF3;n de maestros de inicial y b&#xE1;sica, a fin de superar la discriminaci&#xF3;n en los centros educativos con respecto a los ni&#xF1;os con TEA, disminuir la exclusi&#xF3;n y facilitar la inclusi&#xF3;n a ni&#xF1;os con TEA y otras NEE en las escuelas pertenecientes a la jurisdicci&#xF3;n del Distrito 01-03 de Barahona. As&#xED; como realizar un levantamiento entre los profesionales de la pedagog&#xED;a, la psicolog&#xED;a y otras &#xE1;reas afines para detectar con cuantos especialistas de educaci&#xF3;n especial cuenta la Regional. Con la finalidad de colocarlos como asesores y formadores en centros educativos en el tema de la inclusi&#xF3;n de personas con TEA y otras NEE.&#xA0;A la universidad Aut&#xF3;noma de Santo Domingo implementar la Licenciatura en Educaci&#xF3;n Especial, para preparar el recurso humano necesario para trabajar con ni&#xF1;os especiales. Crear un programa de post-grado de Educaci&#xF3;n Especial para especializar a los maestros que laboran en inicial y los primeros grados de educaci&#xF3;n b&#xE1;sica. A la Directora del Centro Educativo Caritas Felices, gestionar un personal del aula de apoyo pedag&#xF3;gico especializado, con las condiciones salariales dignas, para garantizar la profesionalidad y estabilidad en el puesto, en funci&#xF3;n de mantener el seguimiento a los procesos de los ni&#xF1;os con TEA y otras NEE y mantener las capacitaciones a todo el personal docente y a los padres.</subfield>
  </datafield>
  <datafield tag="921" ind1=" " ind2=" ">
    <subfield code="a">78</subfield>
  </datafield>
  <datafield tag="922" ind1=" " ind2=" ">
    <subfield code="a">78</subfield>
  </datafield>
  <datafield tag="923" ind1=" " ind2=" ">
    <subfield code="a">1</subfield>
  </datafield>
  <datafield tag="924" ind1=" " ind2=" ">
    <subfield code="a">NO APLICA</subfield>
  </datafield>
  <datafield tag="942" ind1=" " ind2=" ">
    <subfield code="c">Tesis</subfield>
  </datafield>
  <datafield tag="999" ind1=" " ind2=" ">
    <subfield code="c">6525</subfield>
    <subfield code="d">6525</subfield>
  </datafield>
</record>
